| 000 | 00597nam a2200193 i 4500 | ||
|---|---|---|---|
| 001 | 89375 | ||
| 003 | ES-MaACL | ||
| 007 | t| | ||
| 008 | 050110s1978 sp ||||1| spa d | ||
| 020 | _a84-600-1164-X | ||
| 100 | 1 |
_aLapeyre, Henri. _970147 |
|
| 245 | 1 | 0 |
_aEnsayos de historiografía / _cHenri Lapeyre. |
| 260 |
_aValladolid : _bUniversidad de Valladolid, Facultad de Filosofia y Letras, _c1978. |
||
| 300 |
_a247 p. ; _c22 cm. |
||
| 490 | 1 |
_aEstudios y documentos ; _v38 |
|
| 830 | 0 |
_aEstudios y documentos ; _v38 _9182659 |
|
| 852 |
_aES-MaACL _jL-9102 _bR.110721 |
||
| 999 |
_c89375 _d89375 |
||